<?xml version="1.0" encoding="UTF-8"?>
<record
    xmlns:xsi="http://www.w3.org/2001/XMLSchema-instance"
    xsi:schemaLocation="http://www.loc.gov/MARC21/slim http://www.loc.gov/standards/marcxml/schema/MARC21slim.xsd"
    xmlns="http://www.loc.gov/MARC21/slim">

  <leader>01870nam a22002177a 4500</leader>
  <controlfield tag="005">20260616145905.0</controlfield>
  <controlfield tag="008">260616b        |||||||| |||| 00| 0 Spa d</controlfield>
  <datafield tag="020" ind1=" " ind2=" ">
    <subfield code="a">978-9945-513-32-5</subfield>
  </datafield>
  <datafield tag="040" ind1=" " ind2=" ">
    <subfield code="a">DGIP</subfield>
    <subfield code="c">DGIP</subfield>
    <subfield code="e">RDA</subfield>
  </datafield>
  <datafield tag="082" ind1=" " ind2=" ">
    <subfield code="a">IDEICE 371.192 I59b</subfield>
  </datafield>
  <datafield tag="110" ind1=" " ind2=" ">
    <subfield code="a">Instituto Dominicano de Evaluaci&#xF3;n e Investigaci&#xF3;n de la Calidad Educativa , IDEICE</subfield>
  </datafield>
  <datafield tag="245" ind1=" " ind2=" ">
    <subfield code="a">Dimensiones sociales, culturales y laborales de la corresponsabilidad parental masculina en la educaci&#xF3;n de hijos en nivel secundario</subfield>
    <subfield code="c">Instituto Dominicano de Evaluaci&#xF3;n e Investigaci&#xF3;n de la Calidad Educativa , IDEICE</subfield>
  </datafield>
  <datafield tag="260" ind1=" " ind2=" ">
    <subfield code="a">Santo Domingo</subfield>
    <subfield code="b">Instituto Dominicano de Evaluaci&#xF3;n e Investigaci&#xF3;n de la Calidad Educativa , IDEICE</subfield>
    <subfield code="c">2026</subfield>
  </datafield>
  <datafield tag="300" ind1=" " ind2=" ">
    <subfield code="c">74</subfield>
  </datafield>
  <datafield tag="520" ind1=" " ind2=" ">
    <subfield code="a">La participaci&#xF3;n parental constituye un factor determinante en el desempe&#xF1;o educativo de los estudiantes. En particular, el involucramiento de los hombres en la educaci&#xF3;n de sus hijos e hijas adquiere especial relevancia para fortalecer los efectos de los programas orientados a promover la integraci&#xF3;n de la familia en los procesos de aprendizaje. En ese contexto, esta investigaci&#xF3;n tuvo como prop&#xF3;sito interpretar las dimensiones sociales, culturales y laborales que influyen en la corresponsabilidad parental masculina en los procesos educativos de estudiantes del nivel secundario pertenecientes a los distritos educativos 15-04, 10-03 y 12-01 de la Rep&#xFA;blica Dominicana.</subfield>
  </datafield>
  <datafield tag="546" ind1=" " ind2=" ">
    <subfield code="a">SPA</subfield>
  </datafield>
  <datafield tag="650" ind1=" " ind2=" ">
    <subfield code="a">Corresponsabilidad parental; Participaci&#xF3;n de los padres; Educaci&#xF3;n secundaria; Roles de g&#xE9;nero; Familia y educaci&#xF3;n, IDEICE -- Rep&#xFA;blica Dominicana.</subfield>
  </datafield>
  <datafield tag="710" ind1=" " ind2=" ">
    <subfield code="a"> IDEICE</subfield>
  </datafield>
  <datafield tag="856" ind1=" " ind2=" ">
    <subfield code="u">https://ideice.gob.do/documentacion/publicaciones-id-236-dimensiones-sociales-culturales-y-laborales-de-la-corresponsabilidad-parental-masculina-en-la-educacion-de-hijos-en-nivel-secundario</subfield>
  </datafield>
  <datafield tag="942" ind1=" " ind2=" ">
    <subfield code="2">ddc</subfield>
    <subfield code="c">LIB</subfield>
    <subfield code="n">0</subfield>
  </datafield>
  <datafield tag="999" ind1=" " ind2=" ">
    <subfield code="c">14656</subfield>
    <subfield code="d">14656</subfield>
  </datafield>
  <datafield tag="952" ind1=" " ind2=" ">
    <subfield code="0">0</subfield>
    <subfield code="1">0</subfield>
    <subfield code="2">ddc</subfield>
    <subfield code="4">0</subfield>
    <subfield code="7">0</subfield>
    <subfield code="a">RI</subfield>
    <subfield code="b">RI</subfield>
    <subfield code="d">2026-06-16</subfield>
    <subfield code="l">0</subfield>
    <subfield code="r">2026-06-16 14:11:50</subfield>
    <subfield code="u">https://ideice.gob.do/documentacion/publicaciones-id-236-dimensiones-sociales-culturales-y-laborales-de-la-corresponsabilidad-parental-masculina-en-la-educacion-de-hijos-en-nivel-secundario</subfield>
    <subfield code="w">2026-06-16</subfield>
    <subfield code="y">LIB</subfield>
  </datafield>
</record>
